LEADER 01542nam a2200349 u 4500 001 000000067885 003 CaOOAMICUS 005 20070226121734.0 008 020221s1988 it u000 u ita u 020 $a8816402059 035 $a10921599 040 $aPUL$bita 041 1 $aita$hlat 245 03$aLe gesta dell'imperatore Carlo Magno :$bannali /$cPoeta Sassone ; introduzione, traduzione e note a cura di Antonino Isola. 260 $aMilano :$bJaca Book,$c1988. 300 $a131 p., [1] c. di tav. :$bc. geogr. ;$c23 cm 490 1 $aBiblioteca di cultura medievale 490 1 $aDi fronte e attraverso ;$v205 500 $a"Indice dei nomi e delle cose notevoli": p. 119-128. 500 $aTit. orig. :"Annalium de gestis Caroli Magni imperatori". 504 $aBibliografia in nota. 600 04$aCharlemagne,$cimperatore del Sacro romano impero,$d742-814.$0(OLS)http://pul/subject/4410 700 1 $aIsola, Antonino.$0(OLS)http://pul/name/9710 830 0$aDi fronte e attraverso ;$v205.$0(OLS)http://pul/title/138 830 0$aBiblioteca di cultura medievale.$0(OLS)http://pul/title/2253 850 $aPUL 852 $aPUL$W1$xSL Filosofia 1$y2$m107 G 35$j87866$nBK-PRI$b $qStampati$B87866$CPULBib$Z2$F87866 $H $81 941 1 $a8 961 $aINV: 61319 996 $6020$a8816402059$9(OLS)http://pul/number/87979 996 $6245$aLe gesta dell'imperatore Carlo Magno :$bannali$9(OLS)http://pul/title/89898 996 $6260$aMilano :$bJaca Book$9(OLS)http://pul/publisher/47900 LEADER 01140nam a2200301 a 4500 001 000000134013 003 CaOOAMICUS 005 20130523141525.0 008 130523s2007 it b u000 u ita r 020 $a978-88-15-11606-2 040 $aPUL$bita 082 04$a320 100 1 $aAmirante, Domenico.$0(OLS)http://pul/name/81962 245 10$aIndia /$cDomenico Amirante. 260 $aBologna :$bIl Mulino,$c©2007. 300 $a154 p. :$c. geogr. ;$c21 cm 490 1 $aSi governano così ;$v08 504 $aBibliografia p. 145-150. 651 4$aIndia$xPolitica e governo.$0(OLS)http://pul/subject/39610 830 0$aSi governano così ;$v08.$0(OLS)http://pul/title/169408 850 $aPUL 852 $aPUL$W1$xSL Diritto e Scienze Sociali 3$y79$m320 ENC 1.8$j154084$qDDC 21$B153635$CPULBib$Z2$F153635 $H122358 $82 941 1 $a9 996 $6020$a978-88-15-11606-2$9(OLS)http://pul/number/152788 996 $6082$a320$9(OLS)http://pul/classification/612 996 $6245$aIndia$9(OLS)http://pul/title/69256 996 $6260$aBologna :$bIl Mulino$9(OLS)http://pul/publisher/47928